000 00379pab a2200121 454500
008 180718b xxu||||| |||| 00| 0 eng d
100 _aAli Mohd, Iqbal
245 _aImpact of irrigation on returns to scale - a study in different localised areas of a project
650 _aIrrigation - India
700 _aRenuka, C.
773 _aIndian Journal of Regional Science
909 _a23072
999 _c23072
_d23072